00630nam a2200229Ia 4500001001000000003000500010008004100015010001100056040000900067082001400076100002600090245007900116260003100195300000600226440002400232503002000256650004100276650001300317650002800330650001600358700002600374Para_9458CHAP220125s2003 xx 000 0 und d a208143 cCHAP a581.15 P7 aPrade, Rolf A., edit. aGenomics of plant and fungi /c edit. by Rolf A. Prade and Hans J. Bohnert aNew York :b Marcel Dekker av aMycology series; 18 aI.240609 (ej.1) aGenética vegetal/ Fitopatología  aGenomas  aHongos fitopatógenos  aMicología aBohnert Hans J. edit.